000 04273nab a2200289 4500
003 BR-BrBNA
005 20260123190414.0
008 260123b2016 bl.qr|pooa||| 00| 0 eng |
040 _aBR-BrBNA
_beng
072 _aF04
_b2240
100 _aSmiderle, Oscar José
100 _aSouza, Aline das Graças
245 _aProduction and quality of Cinnamomum zeylanicum Blumeseedlings cultivated in nutrient solution
500 _a Publicação online; 27 ref.; 3 illus.; 3 tables; Summaries (En, Pt)
520 _a ABSTRACT - Brazil imports great amounts of C. zeylanicum from different countries, both barks and essential oil, given the absence of commercial cultivation of this spice in the country. Hence, due to the need of studying and indicating adequate mineral fertilizers in the production of C. zeylanicum seedlings, this work intended to investigate the effect of adding different concentrations of the complete nutrient solution in the production of high-quality seedlings with potential for commercial purposes. The experimental design used was completely randomized in the split-plot scheme and ten evaluations. In the plots, we evaluated the effect of the concentrations (T1 - 0%, T2 - 25%; T3 - 50%; T4 - 75%; T5 - 100%) of the nutrient solution during the growth period and in the sub-plots, the evaluation periods was evaluated monthly. Both growth characteristics (height, stem diameter and dry matter of shoots and roots) and quality parameters of the seedlings (Dickson index) was assessed. The nutrient solution at the concentration of 75% provides height and stem diameter growth and increased indices of Dickson quality, shoot dry matter, root dry matter and total dry matter, being suitable for the production of C. zeylanicum seedlings. C. zeylanicum seedlings have low nutrient requirements; thus, the concentration of 100% of the nutrient solution characterizes luxury consumption. Key words: Dickson index, Lauraceae, plant nutrition
520 _a RESUMO - O Brasil importa de diferentes países grandes quantidades de Cinnamomum zeylanicum Blume (sin. C. verum) conhecida como canela do Ceilão tanto cascas quanto óleo essencial, dada à ausência de cultivo comercial desta especiaria no País. Assim, em razão da necessidade de estudar e indicar fertilizantes minerais adequados na produção de mudas C. zeylanicum, objetivou-se verificar o efeito da adição de diferentes concentrações de solução nutritiva completa na produção de mudas de alta qualidade com potencial para exploração comercial. O delineamento experimental utilizado foi o inteiramente casualizado em esquema de parcelas subdivididas e dez avaliações. Avaliou-se nas parcelas o efeito das concentrações T1 - 0%; T2 - 25%; T3 - 50%; T4 - 75%; T5 - 100% da solução nutritiva (macro e micronutrientes), durante a fase de crescimento e nas sub parcelas, dez avaliações mensais. Foram avaliadas características de crescimento (altura, diâmetro de caule e massa seca da parte aérea e radicular) e parâmetros de qualidade de mudas (relação massa seca da parte aérea/massa seca de raiz, massa seca total e índice de Dickson). A solução nutritiva nas concentrações de 50 e 75% proporcionam crescimento em altura, diâmetro do caule e maiores índice de qualidade de Dickson, massa seca da parte aérea, massa seca do sistema radicular e massa seca total, sendo indicado para a produção de mudas de C. zeylanicum. As mudas de C. zeylanicum tem baixo requerimento nutricional, sendo que a concentração de 100% da solução nutritiva não é indicada para produção de mudas de C. zeylanicum. Palavras-chave: índice de Dickson, Lauraceae, nutrição de plantas
650 _aCANELA
650 _aPLANTA AROMÁTICA
650 _aMUDA
650 _aNUTRIÇÃO VEGETAL
650 _aCRESCIMENTO
650 _aQUALIDADE
773 0 _04656
_9359957
_dRecife-PE Universidade Federal Rural de Pernambuco 2006
_o2026-0347
_tRevista Brasileira de Ciências Agrárias (Brazil)
_x1981-1160
_gv. 11(2) p. 104-110; (2016)
_wBR2025005499
856 _uhttp://www.agraria.pro.br/ojs32/index.php/RBCA/article/view/v11i2a5364/507
942 _cANA
999 _c339913
_d339913